The 15-inch shop front opens for business (Record no. 118342)

MARC details
000 -LEADER
fixed length control field 01287cam a2200253 4500
001 - CONTROL NUMBER
control field ABS68460
008 - FIXED-LENGTH DATA ELEMENTS--GENERAL INFORMATION
fixed length control field 041119n2004 000 0 eng u
035 ## - SYSTEM CONTROL NUMBER
System control number (Sirsi) u128060
100 ## - MAIN ENTRY--PERSONAL NAME
Personal name Norwood, G.
245 #4 - TITLE STATEMENT
Title The 15-inch shop front opens for business
260 ## - PUBLICATION, DISTRIBUTION, ETC.
Date of publication, distribution, etc. 2004
490 ## - SERIES STATEMENT
Series statement Estates Gazette
Volume/sequential designation (0446) 13 November 2004, 138-140(3)
520 ## - SUMMARY, ETC.
Summary, etc. Looks at two examples of virtual estate agencies. Daniel James Estate Agents, a Suffolk estate agency that does all its business via the internet, claiming that it offers as good a service as any similar sized traditional agency at a much lower cost. Henry Pryor, formerly of FPD Savills, has set up a new operation trading under the name of Charles Lister, which links more than 100 offices across the UK through a small version of the multiple listing system (MLS) used in the USA and in parts of Europe. Charles Lister shares a 2.5% joint agency fee with the office marketing a property if a property is sold to clients who found it via the site.
590 ## - LOCAL NOTE (RLIN)
Local note ABS
590 ## - LOCAL NOTE (RLIN)
Local note ABS
650 ## - SUBJECT ADDED ENTRY--TOPICAL TERM
Topical term or geographic name entry element JOINT AGENCY
650 ## - SUBJECT ADDED ENTRY--TOPICAL TERM
Topical term or geographic name entry element ESTATE AGENTS
650 ## - SUBJECT ADDED ENTRY--TOPICAL TERM
Topical term or geographic name entry element MULTIPLE LISTING
650 ## - SUBJECT ADDED ENTRY--TOPICAL TERM
Topical term or geographic name entry element VIRTUAL ESTATE AGENCY
650 ## - SUBJECT ADDED ENTRY--TOPICAL TERM
Topical term or geographic name entry element ESTATE AGENCY
650 ## - SUBJECT ADDED ENTRY--TOPICAL TERM
Topical term or geographic name entry element EBUSINESS
690 ## - LOCAL SUBJECT ADDED ENTRY--TOPICAL TERM (OCLC, RLIN)
Topical term or geographic name as entry element PROFESSIONAL PRACTICE
942 ## - ADDED ENTRY ELEMENTS (KOHA)
Suppress in OPAC 0
Holdings
Withdrawn status Lost status Source of classification or shelving scheme Damaged status Not for loan Home library Current library Shelving location Date acquired Total Checkouts Full call number Barcode Date last seen Copy number Price effective from Koha item type
    Dewey Decimal Classification     London London Journal article 19/11/2004   ABS68460 128060-1001 06/08/2019 1 06/08/2019 Journal article